000 00385nam a22001697a 4500
005 20160629115147.0
008 160629b xxu||||| |||| 00| 0 eng d
020 _a81-85749-54-X
041 _aeng
082 _b11931
100 _aUpadhyay,A.K
_93142
245 _aApplied Mechanics
260 _bKatson
_c2012
300 _a413
650 _aDiploma Engineering
_9817
942 _cBK
999 _c4607
_d4605